[Event "CZE-chT2C 2122"]
[Site "Czech Republic"]
[Date "2021.12.05"]
[Round "4.7"]
[White "Fencl, Pavel"]
[Black "Hnat, Zdenek"]
[Result "1-0"]
[WhiteElo "2000"]
[BlackElo "1789"]
[PlyCount "107"]
[EventDate "2021.10.17"]
[EventType "team-tourn"]
[EventRounds "11"]
[EventCountry "CZE"]
[SourceTitle "EXT 2025"]
[Source "ChessBase"]
[SourceDate "2024.10.14"]
[SourceVersion "1"]
[SourceVersionDate "2024.10.14"]
[SourceQuality "1"]
[WhiteTeam "Lysa nad Labem Joly III"]
[BlackTeam "Tanvald Jiskra"]
[WhiteTeamCountry "CZE"]
[BlackTeamCountry "CZE"]

1. c4 e6 2. Nc3 d5 3. d4 c5 4. cxd5 cxd4 5. Qxd4 Nc6 6. Qd1 exd5 7. Qxd5 Be6 8. Qxd8+ Rxd8 9. Bd2 Nb4 10. Rc1 Nxa2 11. Nxa2 Bxa2 12. e3 a6 13. Bc4 Bxc4 14. Rxc4 Nf6 15. Nf3 Be7 16. Ke2 0-0 17. Rhc1 Nd5 18. e4 Nf6 19. Ba5 b6 20. Bxb6 Rb8 21. Bd4 Nxe4 22. Be5 Nd6 23. Rc6 Rfe8 24. Kf1 Rbd8 25. Rxa6 f6 26. Bxd6 Bxd6 27. Rd1 Bf4 28. Rxd8 Rxd8 29. g3 Bh6 30. Rb6 Kf7 31. b4 Ke7 32. Nh4 g6 33. f4 f5 34. Ke2 Bg7 35. Rb7+ Rd7 36. Rxd7+ Kxd7 37. Kd3 Kc6 38. Kc4 Bb2 39. Nf3 Bc1 40. Ng5 Be3 41. h3 Bf2 42. g4 Bg3 43. b5+ Kd6 44. Nxh7 fxg4 45. hxg4 Bxf4 46. Nf8 g5 47. Kd4 Bg3 48. Nh7 Bf4 49. Nf8 Bg3 50. Kc4 Bf4 51. Nh7 Be3 52. Kd3 Bf4 53. Kd4 Bd2 54. Nf6 1-0

[Event "WchT Seniors 65"]
[Site "Prague"]
[Date "2020.03.06"]
[Round "1.1"]
[White "Zhelnin, Vladimir V"]
[Black "Hnat, Zdenek"]
[Result "1-0"]
[WhiteElo "2404"]
[BlackElo "1802"]
[PlyCount "51"]
[EventDate "2020.03.06"]
[EventType "team-swiss"]
[EventRounds "7"]
[EventCountry "CZE"]
[SourceTitle "CBM 195 Extra"]
[Source "ChessBase"]
[SourceDate "2020.05.31"]
[SourceVersion "1"]
[SourceVersionDate "2020.05.31"]
[SourceQuality "1"]
[WhiteTeam "Russia 65"]
[BlackTeam "Czech Republic 65 IV"]
[WhiteTeamCountry "RUS"]
[BlackTeamCountry "CZE"]

1. e4 e5 2. Nf3 Nc6 3. Bc4 Nf6 4. d3 Bc5 5. Nc3 d6 6. Bg5 h6 7. Bxf6 Qxf6 8. Nd5 Qd8 9. c3 a6 10. d4 exd4 11. cxd4 Ba7 12. h3 0-0 13. 0-0 Be6 14. Rc1 Rc8 15. Nf4 Bxc4 16. Rxc4 f5 17. Ne6 Qe8 18. d5 Na5 19. Ra4 fxe4 20. Nxf8 exf3 21. Ne6 fxg2 22. Kxg2 Nc6 23. Qg4 Qf7 24. Rf4 Qd7 25. dxc6 Qxc6+ 26. Kh2 1-0